LEADER 01032nam0-22003251--450- 001 990008864490403321 005 20090610130316.0 035 $a000886449 035 $aFED01000886449 035 $a(Aleph)000886449FED01 035 $a000886449 100 $a20090610d1916----km-y0itay50------ba 101 0 $aita 102 $aIT 105 $ay-------001yy 200 1 $aGiacomo Venezian$ecommemorazione letta nell'Aula Magna della R. Università di Padova il 16 gennaio 1916$fdal prof. Vittorio Polacco 210 $aMilano$cVallardi$d1916 215 $a19 p.$d27 cm 300 $aEstr. da: Rivista del Diritto Commerciale, 14 (1916), n.1, parte 1 676 $a945.0913092$v19$zita 700 1$aPolacco,$bVittorio$f<1859-1926>$0227941 801 0$aIT$bUNINA$gRICA$2UNIMARC 901 $aBK 912 $a990008864490403321 952 $aBUSTA 24 (1) 12$b4963$fFGBC 952 $aBUSTA 24 (1) 14$b365$fFGBC 952 $aBUSTA 24 (1) 13$b4962$fFGBC 959 $aFGBC 996 $aGiacomo Venezian$9803933 997 $aUNINA LEADER 01465nam--2200361---450- 001 990006041830203316 005 20150522142325.0 035 $a000604183 035 $aUSA01000604183 035 $a(ALEPH)000604183USA01 035 $a000604183 100 $a20150522d1994----km-y0itay50------ba 101 1$aita$beng 102 $aIT 105 $aa---||||001yy 200 1 $a<> recupero degli edifici antichi$emanualistica e nuove tecnologie$dAncient buildings restoration$ehandbooks and new technologies$eatti del convegno internazionale, Napoli, 29-30 ottobre 1993$dinternational Symposium acts, Naples 29th-30th october 1993$fa cura di Marina Fumo 210 $aNapoli$cCLEAN$dcopyr. 1994 215 $a2v. (XXII, 1172 P. compless.)$cill.$d24 cm 300 $aIn testa al front.: Università degli Studi di Napoli Federico II, Dipartimento di Ingegneria edile=University of Napoles Federico II, Building engineering Department 610 $aEdifici storici$xRecupero$xCongressi$z1993 676 $a690.24 702 1$aFUMO,$bMarina 801 0$aIT$bsalbc$gISBD 912 $a990006041830203316 951 $a690.24 REC 1$b727 Crd.$c690$d00330829 951 $a690.24 REC 2$b728 Crd.$c690$d00330831 959 $aBK 969 $aCRD 979 $aPAOLA$b90$c20150522$lUSA01$h1416 979 $aPAOLA$b90$c20150522$lUSA01$h1422 979 $aPAOLA$b90$c20150522$lUSA01$h1423 996 $aRecupero degli edifici antichi$9315377 997 $aUNISA